Glenda Jackson Films - Statistics

General Stats
  • This quiz has been taken 21 times
  • The average score is 7 of 15
Answer Stats
Hint Answer % Correct
Sunday ? Bloody Sunday
100%
Women ? In Love
83%
Mary, Queen ? Of Scots
83%
Salome's Last ? Dance
67%
The Music ? Lovers
50%
A Touch ? Of Class
50%
Mothering ? Sunday
50%
The Triple ? Echo
33%
The Romantic ? Englishwoman
33%
Bequest To The ? Nation
33%
The Secret Life Of ? Arnold Bax
17%
Business ? As Usual
17%
House ? Calls
17%
The Incredible ? Sarah
17%
Beyond ? Therapy
17%
No matching quizzes found
Score Distribution
Percent of People with Each Score
Percentile by Number Answered
Your Score History
You have not taken this quiz